A "megfelelő" szavak és a dolgok - John Wilkins analitikus nyelve
Elmentve itt :
| Szerző: | |
|---|---|
| Adatforrás: | Philobibl |
| Forrásdokumentuma: | Kellék 2005:27-28. 293-314. p. |
| Dokumentumtípus: | Cikk |
| Nyelv: | magyar |
| Kulcsszavak: | nyelv nyelvi jel |
| Megjelent: |
2005
|
| LEADER | 00400nab a2200133 c 4500 | ||
|---|---|---|---|
| 001 | bibPHI0030478 | ||
| 005 | 20200924122725.4 | ||
| 008 | 070413s2005 xx hun | ||
| 100 | 1 | |a Méder Zsombor-Zoltán | |
| 245 | 1 | 3 | |a A "megfelelő" szavak és a dolgok - John Wilkins analitikus nyelve |c Méder Zsombor-Zoltán |
| 260 | |c 2005 | ||
| 695 | |a nyelv | ||
| 695 | |a nyelvi jel | ||
| 773 | 0 | |t Kellék |g 2005:27-28. 293-314. p. | |